000 00374nam a2200157Ia 4500
008 230524s9999 xx 000 0 und d
082 _a5.74
_bMAR
100 _aJames Martin
245 0 _aPrinciples of Database Management
250 _a13TH
260 _aNEW DELHI
_bPHI
_c2002
300 _aXVI;352
500 _aQuantity Number: 2
650 _aComp-Sc
942 _cBK
999 _c20716
_d20716